LEADER 01598nas 2200481-a 450 001 9910279731803321 005 20260218113052.0 035 $a(CKB)991042727081890 035 $a(CONSER)--2001213981 035 $a(DE-599)ZDB2793213-8 035 $a(DE-599)2793213-8 035 $a(EXLCZ)99991042727081890 100 $a19990302a19989999 --- a 101 0 $aeng 181 $ctxt$2rdacontent 182 $cc$2rdamedia 183 $acr$2rdacarrier 200 00$aSacred architecture 210 $aNotre Dame, IN $cInstitute for Sacred Architecture$d1998- 215 $a1 online resource 300 $aTitle from cover. 311 08$aPrint version: Sacred architecture. 1535-9387 (DLC) 2001213981 (OCoLC)40885507 531 0 $aSacred archit. 606 $aArchitecture and religion$vPeriodicals 606 $aChurch architecture$vPeriodicals 606 $aLiturgy and architecture$vPeriodicals 606 $aArchitecture and religion$2fast$3(OCoLC)fst00813572 606 $aChurch architecture$2fast$3(OCoLC)fst00860550 606 $aLiturgy and architecture$2fast$3(OCoLC)fst01000594 608 $aPeriodicals.$2fast 615 0$aArchitecture and religion 615 0$aChurch architecture 615 0$aLiturgy and architecture 615 7$aArchitecture and religion. 615 7$aChurch architecture. 615 7$aLiturgy and architecture. 676 $a726 712 02$aInstitute for Sacred Architecture. 906 $aJOURNAL 912 $a9910279731803321 920 $aexl_impl conversion 996 $aSacred architecture$92213899 997 $aUNINA